О "потере" чувствительности радиометров радона типа РРА или пользе чтения инструкции по эксплуатации; АНРИ; Аппаратура и новости радиационных измерений; № 3
| Parent link: | АНРИ.— , 2000- Аппаратура и новости радиационных измерений: научно-информационный журнал/ Доза ; Государственный комитет по санэпиднадзору РФ ; Метрологическая академия РФ № 3.— 2006.— С. 67-69 |
|---|---|
| Outros autores: | , , , , , , |
| Idioma: | ruso |
| Publicado: |
2006
|
| Series: | Практика |
| Subjects: | |
| Formato: | Capítulo de libro |
| KOHA link: | https://koha.lib.tpu.ru/cgi-bin/koha/opac-detail.pl?biblionumber=402610 |
MARC
| LEADER | 00000naa2a2200000 4500 | ||
|---|---|---|---|
| 001 | 402610 | ||
| 005 | 20231101065748.0 | ||
| 035 | |a (RuTPU)RU\TPU\prd\48067 | ||
| 090 | |a 402610 | ||
| 100 | |a 20061208a2006 k y0rusy50 ca | ||
| 101 | 0 | |a rus | |
| 102 | |a RU | ||
| 200 | 1 | |a О "потере" чувствительности радиометров радона типа РРА или пользе чтения инструкции по эксплуатации |f Ю. О. Козында [и др.] | |
| 225 | 1 | |a Практика | |
| 320 | |a Библиогр.: 2 назв. | ||
| 461 | 0 | |0 (RuTPU)RU\TPU\prd\1302 |t АНРИ |d 2000- | |
| 461 | |t Аппаратура и новости радиационных измерений |o научно-информационный журнал |f Доза ; Государственный комитет по санэпиднадзору РФ ; Метрологическая академия РФ | ||
| 463 | 0 | |0 (RuTPU)RU\TPU\prd\46812 |t № 3 |v С. 67-69 |d 2006 | |
| 610 | 1 | |a радиометры | |
| 610 | 1 | |a радон | |
| 610 | 1 | |a инструкции | |
| 610 | 1 | |a средства измерения | |
| 610 | 1 | |a объёмная активность | |
| 610 | 1 | |a эксплуатация | |
| 701 | 1 | |a Козында |b Ю. О. | |
| 701 | 1 | |a Сэпман |b С. В. | |
| 701 | 1 | |a Кривашеев |b С. В. | |
| 701 | 1 | |a Афонин |b А. А. | |
| 701 | 1 | |a Кузнецов |b Ю. В. | |
| 701 | 1 | |a Неволина |b Н. А. | |
| 701 | 1 | |a Кузнецов |b С. Ю. | |
| 801 | 1 | |a RU |b 63413507 |c 20061208 |g PSBO | |
| 801 | 2 | |a RU |b 63413507 |c 20120321 |g RCR | |
| 942 | |c BK | ||